Textbook of prosthodontics
Guardat en:
| Autor principal: | |
|---|---|
| Format: | Llibre |
| Idioma: | anglès |
| Publicat: |
The Health Sciences Publisher
2017
|
| Etiquetes: |
Afegir etiqueta
Sense etiquetes, Sigues el primer a etiquetar aquest registre!
|
MARC
| LEADER | 00000nam a22000007a 4500 | ||
|---|---|---|---|
| 008 | 201215b ||||| |||| 00| 0 eng d | ||
| 020 | |a 978-93-5152-444-1 | ||
| 100 | |a VEERAIYAN, Deepak Nallaswamy. | ||
| 245 | |a Textbook of prosthodontics |c Deepak Nallaswamy Veeraiyan |g xxvii, 1362p.; ill. | ||
| 250 | |b 2nd ed. | ||
| 260 | |b The Health Sciences Publisher |c 2017 |h New Delhi |i 685074 |l RK651 .V51 |m Prosthodontics – Textbooks. | ||
| 500 | |a It includes bibliographical references and index | ||
| 942 | |a lcc |c BK |e ADEYEYE Y. S. |f 15/12/2020 | ||
| 952 | |0 0 |1 0 |2 lcc |4 0 |6 RK0651 V51 |7 0 |9 544 |a HOL |b HOL |c QZ |d 2020-12-15 |l 0 |o RK651 .V51 |p 2020-2266 |r 2020-12-15 00:00:00 |w 2020-12-15 |y BK | ||
| 999 | |c 294 |d 294 | ||